Using the neem leaf for controlling diamond back moth on chinese kalle in kiensvay district kandal province, កាតប្រើប្រាស់ស្លឹកស្ដៅកំចាត់ដង្កូវយោលទោងលើដំណាំខាត់ណាដើម ស្រុកគៀនស្វាយ ខេត្តកណ្ដាល (Record no. 1377)
[ view plain ]
| 000 -LEADER | |
|---|---|
| fixed length control field | 00717nam a22001577a 4500 |
| 003 - CONTROL NUMBER IDENTIFIER | |
| control field | OSt |
| 005 - DATE AND TIME OF LATEST TRANSACTION | |
| control field | 20150927171104.0 |
| 008 - FIXED-LENGTH DATA ELEMENTS--GENERAL INFORMATION | |
| fixed length control field | 150927b xxu||||| |||| 00| 0 eng d |
| 040 ## - CATALOGING SOURCE | |
| Transcribing agency | RUA |
| 082 ## - DEWEY DECIMAL CLASSIFICATION NUMBER | |
| Classification number | ATM.Sp MOM 2003 B058 Or.1 |
| 100 ## - MAIN ENTRY--PERSONAL NAME | |
| 9 (RLIN) | 1466 |
| Personal name | MOM, SITHA. |
| 245 ## - TITLE STATEMENT | |
| Title | Using the neem leaf for controlling diamond back moth on chinese kalle in kiensvay district kandal province, កាតប្រើប្រាស់ស្លឹកស្ដៅកំចាត់ដង្កូវយោលទោងលើដំណាំខាត់ណាដើម ស្រុកគៀនស្វាយ ខេត្តកណ្ដាល |
| 260 ## - PUBLICATION, DISTRIBUTION, ETC. (IMPRINT) | |
| Place of publication, distribution, etc. | Phnom Penh |
| Name of publisher, distributor, etc. | RUA |
| Date of publication, distribution, etc. | 2003 |
| 300 ## - PHYSICAL DESCRIPTION | |
| Extent | 52p. |
| Other physical details | ill. |
| Dimensions | 29cm. |
| 942 ## - ADDED ENTRY ELEMENTS (KOHA) | |
| Source of classification or shelving scheme | |
| Koha item type | ATM.s |
| Price effective from | Date last seen | Permanent Location | Not for loan | Date acquired | Source of classification or shelving scheme | Koha item type | Lost status | Withdrawn status | Total Renewals | Date last checked out | Total Checkouts | Shelving location | Damaged status | Barcode | Current Location | Full call number |
|---|---|---|---|---|---|---|---|---|---|---|---|---|---|---|---|---|
| 2015-09-27 | 2016-09-03 | Library Block B | 2015-09-27 | ATM.s | 2016-07-30 | 2 | B058 | RUA001652 | Library Block B | ATM.Sp MOM 2003 B058 Or.1 | ||||||
| 2015-09-27 | 2015-09-27 | Library Block B | 2015-09-27 | ATM.s | B058 | RUA001944 | Library Block B | ATM.Sp MOM 2003 B058 Or.2 | ||||||||
| 2015-09-27 | 2016-10-14 | Library Block B | 2015-09-27 | ATM.s | 2 | 2016-09-26 | 4 | B058 | RUA001880 | Library Block B | ATM.Sp MOM 2003 B058 Or.3 | |||||
| 2015-09-27 | 2022-11-01 | Library Block B | 2015-09-27 | ATM.s | 2022-10-11 | 2 | B058 | RUA001808 | Library Block B | ATM.Sp MOM 2003 B058 Or.4 | ||||||
| 2015-09-27 | 2018-01-15 | Library Block B | 2015-09-27 | ATM.s | 1 | 2017-02-15 | 4 | B058 | RUA001872 | Library Block B | ATM.Sp MOM 2003 B058 Or.5 |